Wird geladen...
Gundert nighandu /
| 1. Verfasser: | |
|---|---|
| Format: | Printed Book |
| Sprache: | English |
| Veröffentlicht: |
Trivandrum:
Navasahithi pub.;
1982.
|
| LEADER | 00441nam a22001337a 4500 | ||
|---|---|---|---|
| 008 | 151013b xxu||||| |||| 00| 0 eng d | ||
| 082 | |a 453.21 | ||
| 100 | |a Gundert, Herman | ||
| 245 | |a Gundert nighandu / |c Herman Gundert | ||
| 260 | |a Trivandrum: |b Navasahithi pub.; |c 1982. | ||
| 300 | |a 1003p. | ||
| 942 | |c REF | ||
| 999 | |c 107042 |d 107042 | ||
| 952 | |0 0 |1 0 |4 0 |6 453_210000000000000_GUN_G |7 0 |9 111519 |a UL |b UL |c REF |d 2015-10-13 |l 0 |o 453.21 GUN/G |p G4916 |r 2015-10-13 |y REF | ||